Central Library OPAC University of Rajshahi

Saudi Arabia in the nineteenth century / (Record no. 64235)

MARC details
000 -LEADER
fixed length control field 00695nam a2200229 a 4500
001 - CONTROL NUMBER
control field 64235
003 - CONTROL NUMBER IDENTIFIER
rucl marc code BD-RjUL
005 - DATE AND TIME OF LATEST TRANSACTION
control field 20211209081302.0
008 - FIXED-LENGTH DATA ELEMENTS--GENERAL INFORMATION
fixed length control field 170212s1965 enkabcj b 001 0 eng
035 ## - SYSTEM CONTROL NUMBER
System control number (BD-RjUL)64365
040 ## - CATALOGING SOURCE
Original cataloging agency DLC
Transcribing agency OGK
Modifying agency BD-RjUL
Language of cataloging eng
041 ## - LANGUAGE CODE
Language code of text/sound track or separate title eng
082 ## - DEWEY DECIMAL CLASSIFICATION NUMBER
Classification number 953.804
Edition number 23
Author mark and year WIS 1965
100 1# - MAIN ENTRY--PERSONAL NAME
Personal name Winder, R. Bayly
Fuller form of name (Richard Bayly),
Dates associated with a name 1920-1988.
9 (RLIN) 190761
245 10 - TITLE STATEMENT
Title Saudi Arabia in the nineteenth century /
Statement of responsibility, etc. R. Bayly Winder.
260 ## - PUBLICATION, DISTRIBUTION, ETC. (IMPRINT)
Place of publication, distribution, etc. London :
Name of publisher, distributor, etc. St. Martin's Press,
Date of publication, distribution, etc. c1965.
300 ## - PHYSICAL DESCRIPTION
Pagination xiv, 312 p. :
Illustrations ill. ;
Size 23 cm.
504 ## - BIBLIOGRAPHY, ETC. NOTE
Bibliography, etc Includes index and bibliography
651 #0 - SUBJECT ADDED ENTRY--GEOGRAPHIC NAME
Geographic name Saudi Arabia
General subdivision History.
9 (RLIN) 190762
942 ## - ADDED ENTRY ELEMENTS (KOHA)
Source of classification or shelving scheme Dewey Decimal Classification
Koha item type Books
Holdings
Lost status Source of classification or shelving scheme Damaged status Not for loan Collection code Permanent Location Current Location Shelving location Date acquired Source of acquisition Cost, normal purchase price Total Checkouts Full call number Date last seen Copy number Koha item type
  Dewey Decimal Classification   Not For Loan Non-fiction Central Library, University of Rajshahi Central Library, University of Rajshahi Reading Room 27/10/1970 Swets & Zeithinger 63.00   953.804 WIS 1965 12/02/2017 C-1 Books